000 00645cam a22002293a 4500
001 27566
003 PGUSA
005 20140828083609.0
008 081219s2008||||xxu|||||s|||||000 1 eng d
040 _aPGUSA
_beng
042 _adc
050 4 _aPQ
100 1 _aAdam, Paul,
_d1862-1920
245 1 0 _aLa Force :
_bLe Temps et la Vie
_h[electronic resource] /
_cPaul Adam
260 _bProject Gutenberg,
_c2008
506 _aPublic domain in the USA.
516 _aElectronic text
653 _aNapoleonic Wars, 1800-1815 -- Fiction
830 0 _aProject Gutenberg
_v27566
856 4 0 _uhttp://www.gutenberg.org/ebooks/27566
942 _cEB
999 _c256821
_d256821